[Event "Czech Republic (ch)"]
[Site "Kunzak, Czech Republic"]
[Date "2001.05.12"]
[Round "5"]
[White "Konopka, Michal"]
[Black "Hausner, Ivan"]
[Result "1-0"]
[WhiteElo "2507"]
[BlackElo "2430"]
[PlyCount "61"]
[EventDate "2001.05.08"]
[SourceDate "2001.05.08"]

1. d4 Nf6 2. Nf3 g6 3. g3 Bg7 4. Bg2 O-O 5. c4 d6 6. O-O Nbd7 7. Nc3 e5 8. e4
exd4 9. Nxd4 Re8 10. b3 Nc5 11. Re1 a5 12. h3 Nfd7 13. Be3 c6 14. Qc2 Qb6 15.
Rab1 Qb4 16. Ndb5 cxb5 17. Nxb5 Ne5 18. a3 Qxe1+ 19. Rxe1 a4 20. b4 Ncd3 21.
Rb1 Be6 22. Nc7 Bxc4 23. Nxe8 Rxe8 24. f4 Bb3 25. Qd2 d5 26. fxe5 Nxe5 27. Bd4
Nc4 28. Qc3 Bxd4+ 29. Qxd4 Nxa3 30. Rc1 Nc2 31. Qc5 1-0

[Event "Czech Republic (ch)"]
[Site "Kunzak, Czech Republic"]
[Date "2001.05.13"]
[Round "6"]
[White "Kalod, Radek"]
[Black "Konopka, Michal"]
[Result "1-0"]
[WhiteElo "2495"]
[BlackElo "2507"]
[PlyCount "133"]
[EventDate "2001.05.08"]
[SourceDate "2001.05.08"]

1. Nf3 Nf6 2. c4 e6 3. Nc3 d5 4. d4 Be7 5. Bg5 h6 6. Bh4 O-O 7. e3 b6 8. Bd3
Bb7 9. O-O Nbd7 10. Qe2 c5 11. Bg3 Ne4 12. Rad1 Qc8 13. Rc1 Ndf6 14. Rfd1 Nxg3
15. hxg3 Ne4 16. cxd5 exd5 17. dxc5 Nxc5 18. Bb1 Qe6 19. Nd4 Qe5 20. Nf5 Bf6
21. Qc2 Rfd8 22. Nd4 g6 23. Nce2 Rac8 24. Qd2 Ne4 25. Qe1 Rc5 26. b4 Rcc8 27.
Rxc8 Rxc8 28. Rc1 Qe8 29. Bd3 Nd6 30. Rxc8 Qxc8 31. Qc3 Qd7 32. Qc2 Ne4 33. Nf4
Kg7 34. a3 a5 35. bxa5 bxa5 36. Bb5 Qd6 37. Nh5+ Kf8 38. Nxf6 Nxf6 39. a4 Ne4
40. Bd3 Qb4 41. Bxe4 dxe4 42. Qc7 Kg8 43. Kh2 Ba6 44. Nc6 Qc4 45. Qb8+ Kh7 46.
Ne7 f5 47. Qd6 Qf7 48. Nc6 Bd3 49. Ne5 Qg7 50. Nd7 Qf7 51. Ne5 Qg7 52. Qe6 Bc2
53. Nd7 h5 54. Nf6+ Kh6 55. Ne8 Qf8 56. Qd7 Bb3 57. Kg1 Qf7 58. Qc6 Qe6 59. Qb5
Qd5 60. Qb8 Bxa4 61. Nf6 Qd1+ 62. Kh2 Kg7 63. Qe5 Qd8 64. Nxh5+ Kf7 65. Qg7+
Ke6 66. Nf4+ Kd6 67. Qd4+ 1-0

[Event "Czech Republic (ch)"]
[Site "Kunzak, Czech Republic"]
[Date "2001.05.13"]
[Round "6"]
[White "Navara, David"]
[Black "Cvek, Robert"]
[Result "1/2-1/2"]
[WhiteElo "2479"]
[BlackElo "2406"]
[PlyCount "66"]
[EventDate "2001.05.08"]
[SourceDate "2001.05.08"]

1. e4 c5 2. Nf3 Nc6 3. d4 cxd4 4. Nxd4 Nf6 5. Nc3 d6 6. Bg5 e6 7. Qd2 a6 8.
O-O-O h6 9. Bf4 Bd7 10. Nxc6 Bxc6 11. f3 d5 12. Qe1 Bb4 13. a3 Ba5 14. b4 Bb6
15. exd5 Bxd5 16. Be5 O-O 17. Qh4 Be3+ 18. Kb2 Bg5 19. Qd4 Bc6 20. a4 Qxd4 21.
Bxd4 Rfd8 22. Bc4 Bd5 23. Bxd5 Nxd5 24. Nxd5 Rxd5 25. Bb6 Bd8 26. Rxd5 exd5 27.
Bxd8 Rxd8 28. Re1 Kf8 29. Kc3 (29. a5 $16) 29... Rc8+ 30. Kd3 Rc4 31. c3 a5 32.
bxa5 Rxa4 33. Rb1 Rxa5 1/2-1/2

[Event "Czech Republic (ch)"]
[Site "Kunzak, Czech Republic"]
[Date "2001.05.13"]
[Round "6"]
[White "Dobrovolsky, Ladislav"]
[Black "Meduna, Eduard"]
[Result "0-1"]
[WhiteElo "2392"]
[BlackElo "2483"]
[PlyCount "128"]
[EventDate "2001.05.08"]
[SourceDate "2001.05.08"]

1. e4 c6 2. d4 d5 3. exd5 cxd5 4. Bd3 Nf6 5. c3 Nc6 6. Bf4 Bg4 7. Qb3 Qc8 8.
Nd2 e6 9. Ngf3 Be7 10. Ne5 Nxe5 11. Bxe5 O-O 12. Qc2 Bf5 13. Bxf5 exf5 14. Qd3
Ne4 15. O-O Bg5 16. Nxe4 fxe4 17. Qg3 f6 18. Bf4 Bxf4 19. Qxf4 Qe6 20. f3 f5
21. Rad1 Rad8 22. fxe4 dxe4 23. b3 b5 24. Rd2 Qf6 25. Rdf2 b4 26. Qxf5 Qxf5 27.
Rxf5 Rxf5 28. Rxf5 bxc3 29. Rc5 Rxd4 30. Rxc3 Rd1+ 31. Kf2 Rd2+ 32. Kf1 Rxa2
33. Re3 Rb2 34. Rxe4 Rxb3 35. Ra4 (35. Re7 Ra3 (35... a5 36. Ra7 Rb5 37. Kf2 h5
38. h4 Kh7 39. Ra6 Rf5+ 40. Kg3 g6 41. Kh3 Kg7 42. g4 Rb5 43. Kg3 Rb3+ (43...
Kf7 44. g5 Rf5 (44... Rb3+ 45. Kf4 Rb4+ 46. Ke5) 45. Ra7+ Kf8 46. Ra6 Kg7 47.
Ra7+ $11) 44. Kg2 Ra3 45. g5 Ra4 46. Kh3 Ra3+ 47. Kg2 a4 48. Ra7+ Kf8 49. Ra6
$11) 36. Kf2 h5 37. h4 a5 38. Ra7 a4 39. Ke2 Kh7 40. Ra6 g6 41. Ra7+ Kg8 (41...
Kh6 42. Ra6 Ra1 43. Kf2 a3 44. Ra7 a2 45. Kg3 g5 46. Ra6+) 42. Kf2 Kf8 43. Ra6)
35... Rb7 36. Kf2 Kf7 37. h4 Ke6 38. Kf3 Kd5 39. Ra5+ Kc6 40. Rh5 g6 41. Re5
Rf7+ 42. Ke3 (42. Kg4 h5+ 43. Kg5 Rf5+ 44. Rxf5 gxf5 45. Kxf5 Kd7 46. g4 hxg4
47. h5 Ke7) 42... a6 43. h5 gxh5 44. Rxh5 Ra7 45. Kd4 a5 46. g4 (46. Kc4 Kd6
47. Kb3 a4+ 48. Ka3 Ke6 49. g4 Kf6 50. Rf5+ Kg7 51. Rg5+ Kh6 52. Rh5+ Kg6 53.
Rf5 Rf7 54. Rh5 Rf4 55. Rh4 h6 56. Kb2 Rf3 57. Ka2 Re3 58. Kb2 Rg3 59. Ka2 a3
60. Ka1 Rg2 61. Kb1 Kh7 62. Rh3 a2+ 63. Ka1 Rxg4 64. Kxa2 Kg6) 46... a4 47. Kc4
Kd6 48. Kd4 Rg7 49. Rh6+ Ke7 50. g5 Kf8 51. Kc3 a3 52. g6 hxg6 53. Rh8+ Kf7 54.
Ra8 Rh7 55. Ra7+ Kg8 56. Ra8+ Kg7 57. Ra7+ Kh6 58. Rxa3 Rd7 59. Ra1 g5 60. Rh1+
Kg6 61. Rg1 Kf5 62. Rf1+ Ke4 63. Rg1 Kf4 64. Rf1+ Ke3 0-1

[Event "Czech Republic (ch)"]
[Site "Kunzak, Czech Republic"]
[Date "2001.05.13"]
[Round "6"]
[White "Vrana, Frantisek"]
[Black "Gross, David"]
[Result "0-1"]
[WhiteElo "2259"]
[BlackElo "2461"]
[PlyCount "60"]
[EventDate "2001.05.08"]
[SourceDate "2001.05.08"]

1. e4 e5 2. Nf3 Nc6 3. Nc3 Nf6 4. Bb5 Nd4 5. Ba4 Bc5 6. d3 O-O 7. O-O c6 8.
Nxd4 exd4 9. Ne2 d5 10. e5 Ng4 11. f4 f6 12. h3 Nh6 13. exf6 Qxf6 14. Ng3 Qh4
15. Qf3 {#} 15... Bg4 16. hxg4 Nxg4 17. Re1 Nh2 18. Qf2 Ng4 19. Qf3 Rae8 20.
Bd2 Qh2+ 21. Kf1 Ne3+ 22. Bxe3 dxe3 23. d4 Bxd4 24. Ke2 Rxf4 25. Nf1 Qh6 26.
Qh3 Rf2+ 27. Kd3 Qg6+ 28. Kxd4 Qe4+ 29. Kc5 Qc4+ 30. Kd6 Qb4+ 0-1

[Event "Czech Republic (ch)"]
[Site "Kunzak, Czech Republic"]
[Date "2001.05.14"]
[Round "7"]
[White "Blatny, Pavel"]
[Black "Vrana, Frantisek"]
[Result "1-0"]
[WhiteElo "2547"]
[BlackElo "2259"]
[PlyCount "63"]
[EventDate "2001.05.08"]
[SourceDate "2001.05.08"]

1. e4 e6 2. d4 d5 3. Nd2 dxe4 4. Nxe4 Nd7 5. Nf3 Ngf6 6. Nxf6+ Nxf6 7. Bd3 c5
8. dxc5 Qa5+ 9. c3 Qxc5 10. Qe2 Bd6 11. Nd4 Bd7 12. Nf5 Bf8 13. Be3 Qe5 14. f4
Qa5 15. Nd4 Be7 16. O-O O-O 17. Nb3 Qc7 18. Bd4 Rfe8 19. Rae1 g6 20. Qf2 Ba4
21. Nd2 b6 22. b3 Bc6 23. Nc4 Rad8 24. Ne5 Bd5 25. b4 Rd6 26. Qh4 Qd8 27. Bb5
Rf8 28. Rd1 Be4 29. Qh6 Qa8 30. g4 Rfd8 31. Qh3 Bg2 32. Qxg2 1-0

[Event "Czech Republic (ch)"]
[Site "Kunzak, Czech Republic"]
[Date "2001.05.14"]
[Round "7"]
[White "Cvek, Robert"]
[Black "Dobrovolsky, Ladislav"]
[Result "1-0"]
[WhiteElo "2406"]
[BlackElo "2392"]
[PlyCount "85"]
[EventDate "2001.05.08"]
[SourceDate "2001.05.08"]

1. d4 f5 2. c4 e6 3. g3 Nf6 4. Bg2 Bb4+ 5. Bd2 Bxd2+ 6. Qxd2 O-O 7. Nf3 d6 8.
O-O Nc6 9. Nc3 e5 10. Rad1 Qe7 11. dxe5 dxe5 12. Nd5 Nxd5 13. cxd5 Nd8 14. Qc3
Re8 15. Rc1 c6 16. Rfd1 cxd5 17. Rxd5 Nc6 18. Rc5 Bd7 19. b4 a6 20. a4 Rac8 21.
b5 axb5 22. axb5 Na7 23. Rxc8 Nxc8 24. Rd1 e4 25. Nd4 Qe5 26. Qc4+ Kf8 27. e3
Nb6 28. Qb4+ Qe7 29. Qb1 Qf7 30. Qb4+ Qe7 31. Qb1 Qf7 32. Qb2 Rc8 33. Bf1 Qe7
34. Be2 Qc5 35. Kg2 Qc3 36. Qb1 Ke7 37. h4 g6 38. Rh1 h5 39. Rd1 Be8 {#} 40.
Bxh5 gxh5 41. Nxf5+ Kf6 42. Qxe4 Nc4 43. Rd5 1-0

[Event "Czech Republic (ch)"]
[Site "Kunzak, Czech Republic"]
[Date "2001.05.14"]
[Round "7"]
[White "Konopka, Michal"]
[Black "Navara, David"]
[Result "1/2-1/2"]
[WhiteElo "2507"]
[BlackElo "2479"]
[PlyCount "68"]
[EventDate "2001.05.08"]
[SourceDate "2001.05.08"]

1. Nf3 Nf6 2. c4 g6 3. Nc3 d5 4. cxd5 Nxd5 5. Qa4+ c6 6. Qd4 f6 7. e4 e5 8.
Nxe5 Nxc3 9. Qxc3 Qe7 10. Nf3 Qxe4+ 11. Be2 Nd7 12. a3 Ne5 13. Nxe5 fxe5 14. d3
Qxg2 15. Qxe5+ Kf7 16. Qf4+ Bf5 17. Bf3 Qh3 18. Be4 Qg4 19. Qxg4 Bxg4 20. Bd2
Bg7 21. f3 Bf5 22. Bc3 Rad8 23. Ke2 Bd4 24. Rac1 Ke6 25. b4 Rd7 26. Bxd4 Rxd4
27. Rc3 Rhd8 28. Ke3 Bxe4 29. dxe4 Rd1 30. Rxd1 Rxd1 31. Kf4 h6 32. h4 a6 33.
Rb3 Rh1 34. Kg3 Rg1+ 1/2-1/2

[Event "Czech Republic (ch)"]
[Site "Kunzak, Czech Republic"]
[Date "2001.05.14"]
[Round "7"]
[White "Hausner, Ivan"]
[Black "Kalod, Radek"]
[Result "1/2-1/2"]
[WhiteElo "2430"]
[BlackElo "2495"]
[PlyCount "103"]
[EventDate "2001.05.08"]
[SourceDate "2001.05.08"]

1. c4 Nf6 2. Nc3 c5 3. Nf3 e6 4. g3 b6 5. Bg2 Bb7 6. O-O Be7 7. d4 cxd4 8. Qxd4
d6 9. Rd1 a6 10. b3 Nbd7 11. Bb2 O-O 12. Ng5 Bxg2 13. Kxg2 Qc7 14. Nge4 Rfd8
15. Kg1 Ne8 16. Qe3 h6 17. Rac1 Rac8 18. Nd2 Bf8 19. Nf3 Qb7 20. Nd4 Nef6 21.
Qf3 Qc7 22. Ne4 Ne8 23. Qe3 Nc5 24. Nc3 Nf6 25. Qf3 Re8 26. Nc2 Qb8 27. Nd4
Ncd7 28. Nc6 Qc7 29. Nd4 Ne5 30. Qg2 Qb8 31. h3 Ned7 32. Kh2 Rc5 33. Ba3 Rcc8
34. Bb2 Qc7 35. Ne4 Nxe4 36. Qxe4 Nf6 37. Qf3 Qd7 38. Nc2 Nh7 39. Ne3 Ng5 40.
Qg2 b5 41. h4 Nh7 42. c5 Red8 43. cxd6 Rxc1 44. Rxc1 Bxd6 45. Qc6 Qe7 46. Kg2
Ba3 47. Bxa3 Qxa3 48. Rc2 Nf6 49. Qb7 h5 50. Rc7 Rf8 51. Rc2 Rd8 52. Rc7
1/2-1/2

[Event "Czech Republic (ch)"]
[Site "Kunzak, Czech Republic"]
[Date "2001.05.15"]
[Round "8"]
[White "Navara, David"]
[Black "Hausner, Ivan"]
[Result "1-0"]
[WhiteElo "2479"]
[BlackElo "2430"]
[PlyCount "79"]
[EventDate "2001.05.08"]
[SourceDate "2001.05.08"]

1. e4 c5 2. Nf3 a6 3. c4 e6 4. Nc3 Qc7 5. Be2 Nc6 6. O-O Nd4 7. d3 g6 8. Nxd4
cxd4 9. Nb1 Bg7 10. f4 Ne7 11. Qe1 O-O 12. Qh4 d5 13. Nd2 dxc4 14. dxc4 Qd8 15.
Bd3 Nc6 16. Qxd8 Rxd8 17. e5 Nb4 18. Be4 d3 19. a3 Nc2 20. Rb1 Bf8 21. Rf3 Nd4
22. Rxd3 Ne2+ 23. Kf1 Rxd3 24. Bxd3 Nxf4 25. Be4 f5 26. exf6 Nh5 27. b4 Nxf6
28. Bf3 Bh6 29. Ne4 Bxc1 30. Nxf6+ Kf7 31. Rxc1 Kxf6 32. Rd1 Ke7 33. c5 a5 34.
b5 a4 35. Rd6 Rb8 36. Ke2 e5 37. Rb6 Kd8 38. Ke3 Bd7 39. Bxb7 Kc7 40. Bc6 1-0

[Event "Czech Republic (ch)"]
[Site "Kunzak, Czech Republic"]
[Date "2001.05.15"]
[Round "8"]
[White "Dobrovolsky, Ladislav"]
[Black "Konopka, Michal"]
[Result "1-0"]
[WhiteElo "2392"]
[BlackElo "2507"]
[PlyCount "99"]
[EventDate "2001.05.08"]
[SourceDate "2001.05.08"]

1. Nf3 Nf6 2. g3 g6 3. b3 Bg7 4. Bb2 O-O 5. Bg2 d5 6. c4 c6 7. O-O Bg4 8. d3
Nbd7 9. Nbd2 a5 10. a3 Qb8 11. Qc2 e6 12. h3 Bxf3 13. Nxf3 Re8 14. e4 dxe4 15.
dxe4 e5 16. Rfe1 Bf8 17. Bc3 Qc7 18. b4 b6 19. Qb2 Nh5 20. h4 Bd6 21. Bh3 f6
22. Rad1 Nf8 23. c5 bxc5 24. bxa5 Ng7 25. Qd2 Red8 26. Qa2+ Qf7 27. Qxf7+ Kxf7
28. Rb1 Rdb8 29. Nd2 Nge6 30. Rxb8 Rxb8 31. Rb1 Rxb1+ 32. Nxb1 Bb8 33. Bxe6+
Nxe6 34. Nd2 Ke7 35. Nc4 Kd7 36. Kf1 Kc8 37. a6 Nc7 38. f4 Nb5 39. Ba5 exf4 40.
Nb6+ Kd8 41. gxf4 Ke8 42. Nc4 Bxf4 {#} 43. e5 Kd7 44. a4 Na7 45. exf6 Bb8 46.
Bb6 Nc8 47. Bxc5 Ke6 48. Nb6 Ba7 49. Nxc8 Bxc5 50. a5 1-0

[Event "Czech Republic (ch)"]
[Site "Kunzak, Czech Republic"]
[Date "2001.05.15"]
[Round "8"]
[White "Vokac, Marek"]
[Black "Cvek, Robert"]
[Result "1-0"]
[WhiteElo "2480"]
[BlackElo "2406"]
[PlyCount "129"]
[EventDate "2001.05.08"]
[SourceDate "2001.05.08"]

1. Nf3 Nf6 2. c4 e6 3. b3 d5 4. Bb2 Be7 5. g3 O-O 6. Bg2 c5 7. e3 Nc6 8. O-O b6
9. Qe2 Bb7 10. Rd1 Qc7 11. Nc3 dxc4 12. bxc4 Rad8 13. d3 Qb8 14. Ne1 Rfe8 15.
f4 Nd7 16. Bf3 Bf6 17. Qg2 Na5 18. g4 g6 19. g5 Bg7 20. Rab1 f5 21. gxf6 Nxf6
22. Bxb7 Nxb7 23. Nf3 Nd6 24. Ne5 Nf5 25. Re1 Qa8 26. Qxa8 Rxa8 27. Nb5 Rec8
28. a4 Ne8 29. Kf2 Nc7 30. Ke2 Na6 31. Bc3 Ne7 32. Nd6 Rd8 33. Ne4 Bxe5 34.
Bxe5 Nc6 35. Bf6 Rd7 36. Bc3 Kf8 37. Rg1 Nab4 38. Rbd1 Rad8 39. Bf6 Rc8 40. Rg3
Ne7 41. Rh3 Nf5 42. Bc3 Re7 43. Nf6 h5 44. Rg1 Kf7 45. Ne4 Nc6 46. Ng5+ Kf8 47.
Nf3 Kf7 48. e4 Nfd4+ 49. Bxd4 Nxd4+ 50. Nxd4 cxd4 51. Rhg3 Rg8 52. Rg5 Rc7 53.
Rb1 Kf6 54. Kf3 Re8 55. a5 Rc6 56. Rbg1 Rg8 57. axb6 Rxb6 58. Ra5 a6 59. e5+
Kf7 60. Rg2 Rd8 61. Ra1 Rb3 62. Ke4 g5 63. fxg5 Kg7 64. Rxa6 Rb1 65. Rd6 1-0

[Event "Czech Republic (ch)"]
[Site "Kunzak, Czech Republic"]
[Date "2001.05.15"]
[Round "8"]
[White "Vrana, Frantisek"]
[Black "Meduna, Eduard"]
[Result "1-0"]
[WhiteElo "2259"]
[BlackElo "2483"]
[PlyCount "203"]
[EventDate "2001.05.08"]
[SourceDate "2001.05.08"]

1. Nf3 d5 2. g3 c6 3. Bg2 Bg4 4. d3 Nd7 5. Nbd2 Ngf6 6. O-O e5 7. e4 Bd6 8. h3
Bh5 9. Re1 O-O 10. c3 Re8 11. Qc2 a5 12. a4 Nc5 13. Nh4 Bf8 14. Bf1 Qb6 15. Kg2
Rad8 16. Rb1 Qc7 17. f3 Qd7 18. Be2 Bg6 19. Nf1 Be7 20. Kh2 Nh5 21. Ng2 Ne6 22.
h4 h6 23. Nfe3 Bc5 24. Bf1 Nf6 25. Rd1 Qc7 26. Re1 Bb6 27. Nd1 Nc5 28. Nf2 dxe4
29. dxe4 Nxa4 30. Ne3 Nc5 31. Nc4 Ba7 32. Be3 a4 33. Bxc5 Bxc5 34. Nd3 Ba7 35.
Qxa4 Ra8 36. Qc2 b5 37. Na3 Rad8 38. Rbd1 Nd7 39. Bh3 Nc5 40. Nb4 f6 41. Nd3
Nxd3 42. Rxd3 Rxd3 43. Qxd3 Rd8 44. Be6+ Kf8 45. Qe2 Qe7 46. Bb3 b4 47. Nb1 Qc5
48. Rf1 Ke7 49. Qa6 bxc3 50. bxc3 Be8 51. Qe2 Rb8 52. Qa2 Rb7 53. Be6 Qb5 54.
Rd1 Qb2+ 55. Kh1 Qxa2 56. Bxa2 Bf2 57. Kg2 Be3 58. Bc4 Rb2+ 59. Kh1 Bd7 60. g4
g6 61. Bf1 Be6 62. Na3 Rf2 63. Bc4 Rxf3 64. Bxe6 Kxe6 65. Rd3 Rf1+ 66. Kg2 Rg1+
67. Kh3 Bf4 68. Nc4 Re1 69. Kg2 Rxe4 70. Rd6+ Ke7 71. Rxc6 Re2+ 72. Kf3 Rh2 73.
Nb6 Rh3+ 74. Ke4 Re3+ 75. Kd5 e4 76. Kd4 Re1 77. Nd5+ Kd7 78. Rxf6 Bg3 79. Rxg6
Bxh4 80. Rxh6 Bf2+ 81. Kc4 e3 82. Rh7+ Kd6 83. Rf7 Rg1 84. Rf6+ Kd7 85. Rf7+
Ke8 86. Re7+ Kd8 $138 87. Re4 e2 (87... Rxg4 88. Rxg4 e2 89. Rg8+ Kd7 90. Nf6+
Kc6 91. Rc8+ Kd6 92. Re8 e1=Q 93. Rxe1 Bxe1 $11) 88. Rxe2 Rxg4+ 89. Kb5 Bg3 90.
Nf6 Rg6 91. Nd5 Bd6 92. c4 Bf8 93. Re3 Bd6 94. Rh3 $138 Kd7 95. Rh7+ Ke6 96.
Kc6 Ke5 97. Rh5+ Kd4 98. Rh4+ Bf4+ 99. Kb5 Ke5 100. Nxf4 Rg5 101. Rh5 Kxf4+
102. Rxg5 1-0

[Event "Czech Republic (ch)"]
[Site "Kunzak, Czech Republic"]
[Date "2001.05.16"]
[Round "9"]
[White "Cvek, Robert"]
[Black "Vrana, Frantisek"]
[Result "1-0"]
[WhiteElo "2406"]
[BlackElo "2259"]
[PlyCount "55"]
[EventDate "2001.05.08"]
[SourceDate "2001.05.08"]

1. b3 Nf6 2. Bb2 g6 3. g3 Bg7 4. Bg2 O-O 5. Nf3 b6 6. O-O Bb7 7. c4 c5 8. Nc3
Ne4 9. Qc2 Nxc3 10. Bxc3 Nc6 11. Bxg7 Kxg7 12. Qb2+ f6 13. d4 Nxd4 14. Nxd4
Bxg2 15. Kxg2 cxd4 16. Qxd4 Rc8 17. a4 Rc5 18. b4 Rc6 19. Rfd1 d6 20. Qe4 Qc7
21. Rac1 Rc8 22. Rd3 Qd7 23. Rd5 e6 24. Rd4 Qf7 25. Rcd1 Rxc4 26. Rxc4 d5 27.
Rxc8 dxe4 28. Rdc1 1-0

[Event "Czech Republic (ch)"]
[Site "Kunzak, Czech Republic"]
[Date "2001.05.16"]
[Round "9"]
[White "Konopka, Michal"]
[Black "Vokac, Marek"]
[Result "1/2-1/2"]
[WhiteElo "2507"]
[BlackElo "2480"]
[PlyCount "66"]
[EventDate "2001.05.08"]
[SourceDate "2001.05.08"]

1. Nf3 g6 2. g3 Bg7 3. d4 c5 4. Bg2 cxd4 5. Nxd4 Nc6 6. Nb3 d6 7. Nc3 Nf6 8.
O-O O-O 9. h3 Be6 10. e4 a5 11. a4 Nb4 12. Nd4 Bc4 13. Re1 Rc8 14. Be3 e5 15.
Ndb5 d5 16. exd5 Nfxd5 17. Bd2 Nxc3 (17... b6 18. Nxd5 Nxd5 (18... Bxd5 19.
Bxb4 Bxg2 20. Bxf8) 19. b3 Bxb5 20. axb5 Nc3) 18. Bxc3 Qxd1 19. Rexd1 Nxc2 20.
Rac1 Bxb5 21. axb5 Nd4 22. Bxb7 Rb8 23. Bxd4 exd4 (23... Rxb7 24. Bc5 Re8 (
24... Rxb5 25. Bxf8 Bxf8 26. Rc8 Kg7 27. Rd7 Rxb2 28. Rcc7 $16) 25. b6 e4 26.
Be3 Be5 27. Rc4) 24. Bc6 Rfd8 25. Rd3 Be5 26. Rc4 Kf8 27. Kf1 Bc7 28. Rcxd4
Rxd4 29. Rxd4 Rd8 30. Re4 Rd2 31. b3 Bb6 32. Re2 Rd1+ 33. Re1 Rd2 1/2-1/2

[Event "Czech Republic (ch)"]
[Site "Kunzak, Czech Republic"]
[Date "2001.05.16"]
[Round "9"]
[White "Kalod, Radek"]
[Black "Navara, David"]
[Result "1/2-1/2"]
[WhiteElo "2495"]
[BlackElo "2479"]
[PlyCount "82"]
[EventDate "2001.05.08"]
[SourceDate "2001.05.08"]

1. Nf3 Nf6 2. c4 g6 3. Nc3 d5 4. d4 Bg7 5. Bf4 O-O 6. Rc1 c6 7. e3 Be6 8. b3
Nbd7 9. Be2 h6 10. h3 c5 11. O-O Rc8 12. Re1 Ne4 13. Nxd5 cxd4 14. exd4 g5 15.
Be5 Bxd5 16. Bxg7 Kxg7 17. cxd5 Rxc1 18. Qxc1 Ndf6 19. Bd3 Qxd5 20. Qc2 Nd6 21.
Rxe7 Rc8 22. Rc7 Rxc7 23. Qxc7 h5 24. Bc4 Nxc4 25. bxc4 Qf5 26. Qe5 Qxe5 27.
Nxe5 Ne4 28. Nd3 Nc3 29. Nc1 b5 30. cxb5 Nxb5 31. Ne2 Kf6 32. f3 Na3 33. Nc3
Nc2 34. Ne4+ Ke7 35. d5 Nb4 36. d6+ Kd7 37. a3 Nc2 38. Nxg5 Nxa3 39. Nxf7 Nc4
40. Kf2 a5 41. Ng5 a4 1/2-1/2

[Event "Czech Republic (ch)"]
[Site "Kunzak, Czech Republic"]
[Date "2001.05.17"]
[Round "10"]
[White "Dobrovolsky, Ladislav"]
[Black "Kalod, Radek"]
[Result "1-0"]
[WhiteElo "2392"]
[BlackElo "2495"]
[PlyCount "161"]
[EventDate "2001.05.08"]
[SourceDate "2001.05.08"]

1. Nf3 c5 2. g3 b6 3. Bg2 Bb7 4. c4 g6 5. Nc3 Bg7 6. b3 Nf6 7. Bb2 O-O 8. O-O
d6 9. e3 Nbd7 10. d3 a6 11. Qe2 Re8 12. Rad1 b5 13. Ba1 Bc6 14. e4 e6 15. d4 b4
16. e5 bxc3 17. exf6 Bxf6 18. Bxc3 Qc7 19. Qe3 Rad8 20. Rfe1 cxd4 21. Bxd4 Qb7
22. Bxf6 Nxf6 23. Nh4 Bxg2 24. Nxg2 e5 25. Nh4 Re6 26. Nf3 h6 27. Nd2 Kg7 28.
Ne4 Ng4 29. Qe2 Qe7 30. Qxg4 f5 31. Qe2 fxe4 32. Qxe4 Rf8 33. Re2 Ref6 34. Rd3
Qf7 35. Qg2 Qa7 36. Red2 Qb6 37. h4 h5 38. Rd5 Qb4 39. Qe4 Kh7 40. Kg2 R8f7 41.
Qd3 Qb7 42. Kg1 Rf3 43. Qc2 Qa7 44. c5 dxc5 45. Qxc5 Qxc5 46. Rxc5 R3f5 47. b4
e4 48. Re2 Re7 49. Rxf5 gxf5 50. Rc2 e3 51. Re2 Re4 52. Rxe3 Rxb4 53. Re7+ Kg8
54. Re5 f4 55. Rg5+ Kf7 56. Rf5+ Kg6 57. Rg5+ Kf6 58. Kg2 fxg3 59. fxg3 Ra4 60.
Rxh5 Rxa2+ 61. Kh3 Kg6 62. Rc5 Ra3 63. h5+ Kh6 64. Kh4 Ra1 65. Rc6+ Kh7 66. g4
Ra4 67. h6 Ra1 68. Kh5 Rh1+ 69. Kg5 Rb1 70. Rxa6 Rb7 71. Kh5 Rc7 72. g5 Rc5 73.
Ra7+ Kh8 74. Re7 Ra5 75. Kg6 Ra8 76. Re5 Rf8 77. Kh5 Ra8 78. g6 Rb8 79. h7 Kg7
80. Re7+ Kh8 81. Kh6 1-0

[Event "Czech Republic (ch)"]
[Site "Kunzak, Czech Republic"]
[Date "2001.05.17"]
[Round "10"]
[White "Vokac, Marek"]
[Black "Hausner, Ivan"]
[Result "1/2-1/2"]
[WhiteElo "2480"]
[BlackElo "2430"]
[PlyCount "88"]
[EventDate "2001.05.08"]
[SourceDate "2001.05.08"]

1. d4 e6 2. Nf3 c5 3. e3 Nf6 4. c4 d5 5. cxd5 exd5 6. Be2 Nc6 7. O-O Bd6 8.
dxc5 Bxc5 9. a3 a6 10. b4 Ba7 11. Bb2 O-O 12. Nc3 Be6 13. b5 Na5 14. bxa6 bxa6
15. Na4 Nc4 16. Bd4 Qe7 17. Nc3 Bxd4 18. Nxd4 Rac8 19. Nxe6 fxe6 20. Qd4 Qc5
21. Qxc5 Rxc5 22. Rfc1 Rfc8 23. Nd1 a5 24. f3 Kf7 25. Rc3 Ke7 26. Kf2 Kd6 27.
Ke1 Nd7 28. Rb1 R5c6 29. Nf2 Rb6 30. Rd1 Ke7 31. Rdc1 Rc7 32. Bxc4 Rbc6 33. Kd2
dxc4 34. Ne4 Nb6 35. Rb1 Na4 36. Rc2 Nc5 37. Nxc5 Rxc5 38. Kc3 Rd7 39. Rd2 Rxd2
40. Kxd2 Rd5+ 41. Kc3 Rd3+ 42. Kxc4 Rxa3 43. Kd4 Kf6 44. g4 Ra4+ 1/2-1/2

[Event "Czech Republic (ch)"]
[Site "Kunzak, Czech Republic"]
[Date "2001.05.17"]
[Round "10"]
[White "Vrana, Frantisek"]
[Black "Konopka, Michal"]
[Result "0-1"]
[WhiteElo "2259"]
[BlackElo "2507"]
[PlyCount "112"]
[EventDate "2001.05.08"]
[SourceDate "2001.05.08"]

1. Nf3 Nf6 2. g3 g6 3. b3 Bg7 4. Bb2 O-O 5. Bg2 d6 6. d4 e5 7. dxe5 Nfd7 8. Nc3
dxe5 9. O-O Nc6 10. Qc1 Re8 11. e4 Nd4 12. Nxd4 exd4 13. Nb5 c5 14. Nd6 Re6 15.
Nxc8 Rxc8 16. Qd2 c4 17. Bxd4 Nc5 18. Rad1 Rd6 19. c3 Ne6 20. bxc4 Bxd4 21.
cxd4 Rxd4 22. Qe2 Rcxc4 23. Qxc4 Rxc4 24. Rxd8+ Nxd8 25. e5 Rc2 26. Bd5 Rd2 27.
Bc4 Nc6 28. Re1 Nd4 29. Kg2 b5 30. Bb3 a5 31. Rc1 a4 32. Bd5 Nc2 33. Be4 Ne3+
34. Kf3 Nc4 35. Rb1 Nxe5+ 36. Kf4 Nc4 37. f3 Nd6 38. Bc6 Rc2 39. Bxb5 Nxb5 40.
Rxb5 Rxh2 41. Ra5 Rxa2 42. Kg4 Kg7 43. Ra6 Kh6 44. Rf6 Kg7 45. Ra6 a3 46. Kh3
Ra1 47. Kg2 Kf8 48. Ra7 h5 49. Kh2 g5 50. Ra5 a2 51. Kg2 Ke7 52. Ra7+ Kd6 53.
Ra6+ Kc5 54. Ra5+ Kb6 55. Ra3 h4 56. gxh4 gxh4 0-1

[Event "Czech Republic (ch)"]
[Site "Kunzak, Czech Republic"]
[Date "2001.05.17"]
[Round "10"]
[White "Gross, David"]
[Black "Cvek, Robert"]
[Result "1/2-1/2"]
[WhiteElo "2461"]
[BlackElo "2406"]
[PlyCount "33"]
[EventDate "2001.05.08"]
[SourceDate "2001.05.08"]

1. e4 e5 2. Nf3 Nc6 3. Bb5 Nf6 4. O-O Nxe4 5. d4 Nd6 6. Bxc6 dxc6 7. dxe5 Nf5
8. Qxd8+ Kxd8 9. Nc3 Bd7 10. b3 Kc8 11. Bb2 b6 12. Ne4 h6 13. Rfd1 a5 14. a4
Ne7 15. c4 Bf5 16. Re1 c5 17. Rad1 1/2-1/2

[Event "Czech Republic (ch)"]
[Site "Kunzak, Czech Republic"]
[Date "2001.05.18"]
[Round "11"]
[White "Konopka, Michal"]
[Black "Gross, David"]
[Result "1/2-1/2"]
[WhiteElo "2507"]
[BlackElo "2461"]
[PlyCount "37"]
[EventDate "2001.05.08"]
[SourceDate "2001.05.08"]

1. d4 g6 2. Nf3 Bg7 3. g3 c5 4. c3 Qc7 5. Bg2 Nf6 6. O-O O-O 7. d5 d6 8. c4 b5
9. cxb5 a6 10. b6 Qxb6 11. Nc3 Nbd7 12. Qc2 a5 13. h3 Ba6 14. Rd1 Rab8 15. Rb1
Rfc8 16. e4 Ne8 17. Be3 Nc7 18. b3 Nb5 19. Nxb5 1/2-1/2

[Event "Czech Republic (ch)"]
[Site "Kunzak, Czech Republic"]
[Date "2001.05.18"]
[Round "11"]
[White "Hausner, Ivan"]
[Black "Vrana, Frantisek"]
[Result "1-0"]
[WhiteElo "2430"]
[BlackElo "2259"]
[PlyCount "101"]
[EventDate "2001.05.08"]
[SourceDate "2001.05.08"]

1. g3 f5 2. Bg2 Nf6 3. d3 g6 4. c4 Bg7 5. Nc3 O-O 6. e3 c6 7. Nge2 d5 8. cxd5
cxd5 9. d4 e6 10. Nf4 Nc6 11. h4 Rf7 12. Bd2 Bd7 13. Nd3 Ne4 14. Nxe4 dxe4 15.
Nc5 e5 16. d5 Na5 17. Bf1 b5 18. b3 Qb6 19. Rc1 Rd8 20. Be2 Be8 21. O-O Nb7 22.
Bb4 Bf8 23. Nxb7 Qxb7 24. Bxf8 Rxd5 {Diagram #} 25. Qxd5 Qxd5 26. Rfd1 Qa8 27.
Bd6 Rd7 28. Bxb5 Rd8 29. Ba6 Bf7 30. Bxe5 Rxd1+ 31. Rxd1 Be6 32. Rd6 Kf7 33.
Bb5 Qb7 34. a4 Qc8 35. Rc6 Qd8 36. Bd4 Bxb3 37. Ra6 Kf8 38. h5 Qg5 39. Be2 gxh5
40. Bf6 Qg6 41. Bh4 Qe8 42. Rxa7 Qc6 43. Bxh5 Qc1+ 44. Kg2 Bc4 45. g4 f4 46.
Ra8+ Kg7 47. Ra7+ Kh6 48. Be8 Bf7 49. Rxf7 f3+ 50. Kh2 Qg1+ 51. Kxg1 1-0